Animatroniki z gier Five Nights at Freddy's - Statystyki

Ogólne statystyki
  • Ten quiz został rozwiązany 30 razy
    21 od ostatniego zresetowania
  • Średni wynik to 38 z 110
Statystyki odpowiedzi
Generacja Animatronik % Poprawnych
Klasyczne Freddy Fazbear
100%
Klasyczne Bonnie
93%
Klasyczne Chica
93%
Klasyczne Foxy
93%
Klasyczne Golden Freddy
87%
Toy Marionetka
73%
Nightmare Nightmare
73%
Nightmare Nightmare Bonnie
73%
Nightmare Nightmare Freddy
73%
Shadow Shadow Bonnie
73%
Glamrock Glamrock Bonnie
67%
Toy Mangle
67%
Nightmare Nightmare Chica
67%
Nightmare Nightmare Foxy
67%
Shadow Shadow Freddy
67%
Inne Springtrap
67%
Toy Toy Bonnie
67%
Toy Toy Chica
67%
Toy Toy Freddy
67%
Withered Withered Bonnie
67%
Withered Withered Chica
67%
Withered Withered Foxy
67%
Withered Withered Freddy
67%
Toy Ballon Boy
60%
Stroje sprężynowe Fredbear
60%
Funtime Funtime Foxy
60%
Glamrock Glamrock Chica
60%
Glamrock Glamrock Freddy
60%
Phantom Phantom Chica
60%
Phantom Phantom Freddy
60%
Withered Withered Golden Freddy
60%
Funtime Ballora
53%
Funtime Circus Baby
53%
Funtime Funtime Freddy
53%
Klasyczne Mr. Cupcake
53%
Rockstar Rockstar Bonnie
53%
Rockstar Rockstar Chica
53%
Rockstar Rockstar Freddy
53%
Stroje sprężynowe Spring Bonnie
53%
Toy JJ
47%
Nightmare Nightmare Fredbear
47%
Phantom Phantom Foxy
47%
Rockstar Rockstar Foxy
47%
Glamrock Montgomery Gator
40%
Nightmare Nightmare Ballon Boy
40%
Nightmare Nightmare Mangle
40%
Phantom Phantom Ballon Boy
40%
Phantom Phantom Mangle
40%
Glamrock Roxanne Wolf
40%
Amalgamacje Ennard
33%
Nightmare Jack-O-Bonnie
33%
Nightmare Jack-O-Chica
33%
Amalgamacje Molten Freddy
33%
Nightmare Nightmarionne
33%
Nightmare Plushtrap
33%
Inne Scraptrap
33%
Inne Vanny
33%
Funtime Bidybab
27%
Funtime Bon-Bon
27%
Funtime Bonnet
27%
Mediocre Melodies Happy Frog
27%
Mediocre Melodies Mr. Hippo
27%
Phantom Phantom Marionetka
27%
Toy Toy Cupcake
27%
Glamrock Daycare Attendant
20%
Funtime Funtime Chica
20%
Inne Glitchtrap
20%
Rockstar Lefty
20%
Funtime Lolbit
20%
Mediocre Melodies Nedd Bear
20%
Nightmare Nightmare Cupcake
20%
Mediocre Melodies Orville Elephant
20%
Mediocre Melodies Pigpatch
20%
Shadow Shadow Ballon Boy
20%
Shadow Shadow Marionetka
20%
Amalgamacje Blob
13%
Inne Burntrap
13%
Glamrock DJ Music Man
13%
Funtime Funtime Cupcake
13%
Funtime Minireena
13%
Funtime Music Man
13%
Shadow Shadow Cupcake
13%
Nightmare Dreadbear
7%
Inne El Chip
7%
Glamrock Glamrock Cupcake
7%
Nightmare Jack-O-Foxy
7%
Nightmare Jack-O-Pumpkin
7%
Nightmare Nightmare Freddles
7%
Inne STAFF Bot
7%
Blacklight Beacon Bonnie
0%
Stroje sprężynowe Bub
0%
Blacklight Burnt Foxy
0%
Klasyczne Captain Foxy
0%
Rockstar Carnie
0%
Blacklight Dark Foxy
0%
Blacklight Dark Freddy
0%
Inne Dee Dee
0%
Glamrock Glamrock Mr. Hippo
0%
Nightmare Jack-O-Moon
0%
Inne Mimic1
0%
Inne Mimic2
0%
Mediocre Melodies Mystic Hippo
0%
Blacklight Neon Bonnie
0%
Blacklight Neon Chica
0%
Blacklight Neon Cupcake
0%
Rockstar Papuga Rockstar Foxy'ego
0%
Blacklight Party Freddy
0%
Stroje sprężynowe Pirate Captain
0%
Shadow Shadow Dee Dee
0%
Stroje sprężynowe Springlock Monty
0%
Nie znaleziono quizów pasujących do podanych kryteriów
Rozkład punktacji
Procent ludzi z każdym wynikiem
Percentyl według liczby udzielonych odpowiedzi
Twoja historia wyników
Nie rozwiązałeś tego quizu od ostatniego zresetowania